00301nam a2200121Ia 4500008004100000041000800041082001400049100001600063245002500079260003700104300003100141365000700172240624s9999 xx 000 0 und d aeng a332.6 BAR aBARUA SAMIR aPORTFOLIO MANAGEMENT c2003aNew DelhibTata McGrawhill axvi, : 258 : p. : cm. ; 22 cRS